Normal view MARC view
  • Law

Entry Topical Term

Number of records used in: 1

001 - CONTROL NUMBER

  • control field: 3809

003 - CONTROL NUMBER IDENTIFIER

  • control field: OSt

005 - DATE AND TIME OF LATEST TRANSACTION

  • control field: 20170512101208.0

008 - FIXED-LENGTH DATA ELEMENTS

  • fixed length control field: 170512|| aca||aabn | a|a d

040 ## - CATALOGING SOURCE

  • Original cataloging agency: OSt
  • Transcribing agency: OSt

150 ## - HEADING--TOPICAL TERM

  • Topical term or geographic name entry element: Law
  • General subdivision: History
  • Geographic subdivision: Asia, Southeastern

670 ## - SOURCE DATA FOUND

  • Source citation: Work cat.: (OSt)0: Hooker, M. B. 3808, A concise legal history of South-East Asia /, 1978
Pusat Sumber Maklumat Dato' Haji Sarmin Md Hussin, Akademi Kastam Diraja Malaysia, Melaka
Tel: 06-2331106 | Faks: 06-2313787